[Event "4NCL Online Division 4"]
[Site "online"]
[Date "2020.11.17"]
[Round "7.113"]
[White "Demjan, Denisz"]
[Black "Moore, Eoin"]
[Result "1/2-1/2"]
[WhiteElo "1262"]
[BlackElo "1742"]
[PlyCount "118"]
[EventDate "2020.11.17"]
[WhiteTeam "Watford Juniors A"]
[BlackTeam "Kent KJCA Kestrels D"]

1. e4 e6 2. Nc3 d5 3. exd5 exd5 4. d4 c6 5. Nf3 Bg4 6. Be2 Bd6 7. Bg5 Nf6 8.
Be3 O-O 9. h3 Bh5 10. Ng5 Bxe2 11. Qxe2 h6 12. Nf3 Nbd7 13. O-O Qc7 14. Rfe1
Ne4 15. Qd3 f5 16. a3 Rae8 17. Rad1 Kh8 18. Nb1 Nb6 19. b3 g5 20. Ne5 Bxe5 21.
dxe5 c5 22. f3 d4 23. Bxd4 cxd4 24. fxe4 Qxe5 25. Qxd4 Qxd4+ 26. Rxd4 Kg7 27.
Nc3 Rc8 28. Rd3 Rfe8 29. Re2 Kf6 30. Kf2 f4 31. Nb5 Rc6 32. Nxa7 Rce6 33. Kf3
R8e7 34. a4 Nd7 35. Rd4 Ne5+ 36. Kf2 Nf7 37. Nb5 Ke5 38. c3 Rc6 39. Rd5+ Kf6
40. Rf5+ Kg6 41. b4 Rxe4 42. Rf6+ Kxf6 43. Rxe4 Nd6 44. Nxd6 Rxd6 45. Ke2 Kf5
46. Re7 b6 47. c4 Rd4 48. Rc7 Re4+ 49. Kf2 Rd4 50. a5 bxa5 51. bxa5 Rd2+ 52.
Kf1 Ra2 53. Rc5+ Ke4 54. Rc6 Rxa5 55. Rxh6 Ra1+ 56. Kf2 Ra2+ 57. Kf1 Ra1+ 58.
Kf2 Ra2+ 59. Kf1 Ra1+ 1/2-1/2

[Event "4NCL Online Division 4"]
[Site "online"]
[Date "2020.11.17"]
[Round "7.114"]
[White "Dorman, Orla"]
[Black "Bajpayee, Yayin"]
[Result "1-0"]
[WhiteElo "1757"]
[BlackElo "1225"]
[PlyCount "95"]
[EventDate "2020.11.17"]
[WhiteTeam "Kent KJCA Kestrels D"]
[BlackTeam "Watford Juniors A"]

1. e4 e5 2. Nf3 Nc6 3. Bc4 Nf6 4. d4 d6 5. dxe5 dxe5 6. Qxd8+ Nxd8 7. Nxe5 Nxe4
8. O-O Nf6 9. Re1 Be7 10. Nc3 O-O 11. Nb5 c6 12. Nd4 Bc5 13. Ndf3 Ne6 14. Ng5
Nxg5 15. Bxg5 Bxf2+ 16. Kxf2 Nd7 17. Nxd7 Bxd7 18. Re7 Bc8 19. Rf1 Be6 20. Bxe6
fxe6+ 21. Kg1 Rxf1+ 22. Kxf1 Rb8 23. Rxe6 Rf8+ 24. Ke2 Rb8 25. Re7 Kf8 26. Rd7
b6 27. Rxa7 Re8+ 28. Be3 h6 29. Kf3 Kg8 30. Bxb6 Rc8 31. Bd4 Rf8+ 32. Kg3 Rf7
33. Rxf7 Kxf7 34. Kf4 Ke6 35. Bxg7 c5 36. Bxh6 c4 37. c3 Kd5 38. b3 cxb3 39.
axb3 Ke6 40. b4 Kd5 41. g4 Kc4 42. g5 Kxc3 43. b5 Kc4 44. b6 Kc5 45. b7 Kc6 46.
b8=Q Kd5 47. Qe5+ Kc4 48. Qd6 1-0

[Event "4NCL Online Division 4"]
[Site "online"]
[Date "2020.11.17"]
[Round "7.121"]
[White "Brown, Geoffrey D"]
[Black "Amir, Zain"]
[Result "1/2-1/2"]
[WhiteElo "1726"]
[BlackElo "1427"]
[PlyCount "56"]
[EventDate "2020.11.17"]
[WhiteTeam "Darnall & Handsworth"]
[BlackTeam "Warwickshire Bears C"]

1. d4 d5 2. Nc3 Nf6 3. Bf4 a6 4. e3 Bf5 5. Qd2 Nc6 6. a3 e6 7. Nf3 Bd6 8. Bg3
Qe7 9. Bd3 Bg6 10. Ne2 Ne4 11. Bxd6 Qxd6 12. Bxe4 Bxe4 13. Ng5 Bg6 14. O-O O-O
15. Ng3 h6 16. Nf3 Rfe8 17. Rac1 Rad8 18. Nh4 Bh7 19. f4 f5 20. Nh5 Qe7 21. Qf2
Qf7 22. Ng3 Ne7 23. Nf3 Nc6 24. c3 Rc8 25. Ne2 Rcd8 26. Rcd1 Bg6 27. Nc1 b6 28.
Nd3 Bh7 1/2-1/2

[Event "4NCL Online Division 4"]
[Site "online"]
[Date "2020.11.17"]
[Round "7.122"]
[White "He, Tom Junde"]
[Black "Holroyd-Doveton, Nathaniel"]
[Result "1-0"]
[WhiteElo "1465"]
[BlackElo "1720"]
[PlyCount "41"]
[EventDate "2020.11.17"]
[WhiteTeam "Warwickshire Bears C"]
[BlackTeam "Darnall & Handsworth"]

1. d4 e6 2. Nc3 d5 3. a3 c5 4. e3 Nc6 5. Nf3 Nf6 6. Be2 cxd4 7. exd4 Be7 8. O-O
O-O 9. Qd3 a5 10. Bf4 b6 11. Rad1 Ba6 12. Qd2 Bxe2 13. Qxe2 Rc8 14. Ne5 Nxe5
15. Bxe5 Bxa3 16. Bxf6 Qxf6 17. Nxd5 exd5 18. bxa3 Rc3 19. Rd3 Rfc8 20. Rxc3
Rxc3 21. Qe8# 1-0

[Event "4NCL Online Division 4"]
[Site "online"]
[Date "2020.11.17"]
[Round "7.123"]
[White "Chatterton, Craig"]
[Black "Nasibova, Margarita"]
[Result "1-0"]
[WhiteElo "1570"]
[BlackElo "1435"]
[PlyCount "35"]
[EventDate "2020.11.17"]
[WhiteTeam "Darnall & Handsworth"]
[BlackTeam "Warwickshire Bears C"]

1. d4 Nf6 2. c4 g6 3. Nc3 Bg7 4. e4 d6 5. Be2 Nbd7 6. Be3 e5 7. d5 O-O 8. g4 h6
9. h4 Nh7 10. Qd2 g5 11. hxg5 hxg5 12. O-O-O Nb6 13. f3 a5 14. Bf1 Qe7 15. Qh2
Nf6 16. Bxg5 Nbd7 17. Bxf6 Nxf6 18. g5 1-0

[Event "4NCL Online Division 4"]
[Site "online"]
[Date "2020.11.17"]
[Round "7.124"]
[White "Vaidyanathan, Sathya"]
[Black "Feather, Harry"]
[Result "0-1"]
[WhiteElo "1127"]
[BlackElo "1562"]
[PlyCount "28"]
[EventDate "2020.11.17"]
[WhiteTeam "Warwickshire Bears C"]
[BlackTeam "Darnall & Handsworth"]

1. e4 Nf6 2. Nc3 d5 3. exd5 Nxd5 4. Nxd5 Qxd5 5. Nf3 e5 6. d3 Nc6 7. c4 Qa5+ 8.
Bd2 Qb6 9. b3 Bc5 10. Qe2 O-O 11. Nxe5 Nxe5 12. Qxe5 Bg4 13. Qg3 Rfe8+ 14. Be3
Bb4# 0-1

[Event "4NCL Online Division 4"]
[Site "online"]
[Date "2020.11.17"]
[Round "7.131"]
[White "George, Ian M"]
[Black "Tarling, Ray"]
[Result "1/2-1/2"]
[WhiteElo "1945"]
[BlackElo "1922"]
[PlyCount "61"]
[EventDate "2020.11.17"]
[WhiteTeam "Camborne Trevithick"]
[BlackTeam "Guildford Gatekeepers"]

1. c4 Nf6 2. Nc3 g6 3. g3 Bg7 4. Bg2 O-O 5. Nf3 d6 6. O-O e5 7. d3 h6 8. Rb1 c6
9. c5 Re8 10. cxd6 Qxd6 11. Nd2 Nbd7 12. Nde4 Nxe4 13. Nxe4 Qe7 14. b4 f5 15.
Nd2 Nb6 16. Qc2 Be6 17. Nc4 Nxc4 18. dxc4 Qf7 19. b5 e4 20. bxc6 bxc6 21. Rb4
Rab8 22. Ra4 c5 23. Ba3 Rbc8 24. Rc1 Red8 25. Bb2 Bd4 26. e3 Bxb2 27. Qxb2 Rd7
28. Bf1 Qg7 29. Qxg7+ Kxg7 30. Be2 Rcc7 31. Rc2 1/2-1/2

[Event "4NCL Online Division 4"]
[Site "online"]
[Date "2020.11.17"]
[Round "7.132"]
[White "Merriman, Rob"]
[Black "Williams, Philip J"]
[Result "1/2-1/2"]
[WhiteElo "1795"]
[BlackElo "1855"]
[PlyCount "109"]
[EventDate "2020.11.17"]
[WhiteTeam "Guildford Gatekeepers"]
[BlackTeam "Camborne Trevithick"]

1. e4 e5 2. Nf3 Nc6 3. Bb5 Nf6 4. O-O Bc5 5. Nxe5 Nxe5 6. d4 a6 7. Be2 Be7 8.
dxe5 Nxe4 9. Nd2 Nc5 10. b3 f6 11. Bb2 O-O 12. Bc4+ Kh8 13. Qh5 f5 14. Nf3 Qe8
15. Qxe8 Rxe8 16. Rad1 Ne6 17. Bd3 Rf8 18. c4 b6 19. Nd4 g6 20. Bc2 Kg8 21. g3
Rd8 22. Nxe6 dxe6 23. Rxd8+ Bxd8 24. Rd1 Be7 25. a3 a5 26. a4 Kf7 27. f4 Ke8
28. Kf2 Bb7 29. Bd4 Rd8 30. Be3 Rxd1 31. Bxd1 c5 32. h3 Bc6 33. g4 Kf8 34. gxf5
gxf5 35. Kg3 Be8 36. h4 Kg7 37. Kh3 Bd8 38. Bf2 Kh6 39. Bf3 Be7 40. Bb7 Kh5 41.
Bc8 Bf7 42. Bb7 Be8 43. Bf3+ Kh6 44. Kg2 Bd7 45. Kf1 Be8 46. Ke2 Bh5 47. Bg3
Bxf3+ 48. Kxf3 Kh5 49. Kg2 Bxh4 50. Kh3 Bxg3 51. Kxg3 Kg6 52. Kg2 Kh5 53. Kh3
Kg6 54. Kg2 Kh5 55. Kh3 1/2-1/2

[Event "4NCL Online Division 4"]
[Site "online"]
[Date "2020.11.17"]
[Round "7.134"]
[White "Tarling, Adam"]
[Black "Morgan, Jamie"]
[Result "1/2-1/2"]
[WhiteElo "1720"]
[BlackElo "1840"]
[PlyCount "77"]
[EventDate "2020.11.17"]
[WhiteTeam "Guildford Gatekeepers"]
[BlackTeam "Camborne Trevithick"]

1. e4 c5 2. c3 d5 3. exd5 Qxd5 4. d4 g6 5. Nf3 Bg7 6. Be3 cxd4 7. Bxd4 Nf6 8.
Be2 Nc6 9. O-O O-O 10. Na3 Nxd4 11. Nxd4 e5 12. Nf3 Bg4 13. h3 Bxf3 14. Bxf3
Qxd1 15. Raxd1 e4 16. Be2 Rfd8 17. Rxd8+ Rxd8 18. Rd1 Rxd1+ 19. Bxd1 Nd5 20.
Nc4 Bf8 21. Bb3 Nf4 22. Ne5 Ne6 23. Bd5 Bg7 24. Nd7 b6 25. Bxe4 Nc5 26. Nxc5
bxc5 27. b4 Bxc3 28. bxc5 h5 29. c6 Be5 30. f3 h4 31. Kf2 Kf8 32. Ke3 g5 33.
Kd3 Ke7 34. Kc4 Kd6 35. Kb5 Bd4 36. a4 Kc7 37. a5 Bc3 38. a6 Bd4 39. Bf5
1/2-1/2

[Event "4NCL Online Division 4"]
[Site "online"]
[Date "2020.11.17"]
[Round "7.141"]
[White "O'Byrne, Daniel"]
[Black "Rothwell, James P"]
[Result "1-0"]
[WhiteElo "1742"]
[BlackElo "1870"]
[PlyCount "69"]
[EventDate "2020.11.17"]
[WhiteTeam "War & Piece 1"]
[BlackTeam "Atticus B"]

1. e4 c5 2. Nf3 d6 3. d4 cxd4 4. Nxd4 Nf6 5. Nc3 g6 6. Be3 Bg7 7. Be2 O-O 8.
O-O Nc6 9. f4 Qa5 10. Nb3 Qc7 11. a4 Be6 12. Nd5 Bxd5 13. exd5 Nb4 14. c4 Ne4
15. Nd4 Nc5 16. f5 Rac8 17. Bg4 Ra8 18. Ra3 Ne4 19. Qe2 Nf6 20. Bh3 Na6 21. Nb5
Qd8 22. fxg6 hxg6 23. Bxa7 b6 24. Re1 Nh5 25. Qxe7 Qxe7 26. Rxe7 Bxb2 27. Rf3
Be5 28. Bxb6 Rae8 29. Rfxf7 Nf4 30. Rxf8+ Rxf8 31. Be6+ Kh8 32. g3 Ne2+ 33. Kg2
Nc5 34. Bxc5 dxc5 35. Bg4 1-0

[Event "4NCL Online Division 4"]
[Site "online"]
[Date "2020.11.17"]
[Round "7.142"]
[White "Burge, Steve J"]
[Black "Kelly, Richard"]
[Result "1/2-1/2"]
[WhiteElo "1712"]
[BlackElo "1817"]
[PlyCount "107"]
[EventDate "2020.11.17"]
[WhiteTeam "Atticus B"]
[BlackTeam "War & Piece 1"]

1. e4 e6 2. b3 d5 3. Bb2 c5 4. exd5 exd5 5. Bb5+ Nc6 6. Nf3 Be6 7. O-O h6 8.
Ne5 Rc8 9. f4 d4 10. f5 Bd5 11. Qh5 Nf6 12. Qe2 Be7 13. c4 Be4 14. d3 O-O 15.
Ng4 Nxg4 16. Bxc6 Bxc6 17. Qxg4 Bg5 18. Na3 Re8 19. Bc1 Be3+ 20. Kh1 Qf6 21.
Nc2 Bg5 22. b4 b6 23. b5 Bd7 24. a4 Re5 25. Bxg5 hxg5 26. Qf3 Rxf5 27. Qe2 Re8
28. Rxf5 Rxe2 29. Rxf6 gxf6 30. Ne1 Bf5 31. a5 Rd2 32. axb6 axb6 33. Kg1 Bxd3
34. Nxd3 Rxd3 35. Ra6 Rc3 36. Rxb6 Rxc4 37. Rxf6 d3 38. Kf2 Rb4 39. Ke3 Rxb5
40. Kxd3 Rb2 41. g4 Rxh2 42. Rf5 f6 43. Rxf6 Kg7 44. Rf5 Kg6 45. Rxc5 Rg2 46.
Rc6+ Kf7 47. Rc4 Kf6 48. Ke3 Rg3+ 49. Kf2 Rb3 50. Rc5 Rb4 51. Kg3 Rb3+ 52. Kf2
Rb4 53. Kg3 Rb3+ 54. Kf2 1/2-1/2

[Event "4NCL Online Division 4"]
[Site "online"]
[Date "2020.11.17"]
[Round "7.143"]
[White "Chwieseni, Edward I"]
[Black "Blasczyk, Martin"]
[Result "0-1"]
[WhiteElo "1696"]
[BlackElo "1645"]
[PlyCount "62"]
[EventDate "2020.11.17"]
[WhiteTeam "War & Piece 1"]
[BlackTeam "Atticus B"]

1. e4 e5 2. Nf3 Nc6 3. Bb5 a6 4. Ba4 Nf6 5. d3 Be7 6. c3 O-O 7. Bg5 h6 8. Bh4
d6 9. Nbd2 Nh5 10. Bxe7 Qxe7 11. Bxc6 bxc6 12. Nc4 Nf4 13. Ne3 Rb8 14. b3 f5
15. g3 fxe4 16. dxe4 Nh3 17. c4 Qf7 18. Rf1 Qxf3 19. Qxf3 Rxf3 20. Ke2 Rf7 21.
f3 Ng5 22. h4 Ne6 23. Nf5 Nd4+ 24. Nxd4 exd4 25. Kd3 c5 26. f4 Bg4 27. Rae1 Re8
28. e5 dxe5 29. fxe5 Rxf1 30. Rxf1 Rxe5 31. b4 Be2+ 0-1

[Event "4NCL Online Division 4"]
[Site "online"]
[Date "2020.11.17"]
[Round "7.144"]
[White "Webb, Tom EC"]
[Black "Morrison, Munroe L"]
[Result "1-0"]
[WhiteElo "1652"]
[BlackElo "1675"]
[PlyCount "87"]
[EventDate "2020.11.17"]
[WhiteTeam "Atticus B"]
[BlackTeam "War & Piece 1"]

1. d4 g6 2. Bf4 Bg7 3. Nc3 d6 4. e4 Nd7 5. Be2 e5 6. dxe5 dxe5 7. Be3 c6 8. Nf3
Ngf6 9. O-O O-O 10. h3 Qc7 11. Qc1 Re8 12. a3 Nf8 13. Bc4 Be6 14. Bxe6 Nxe6 15.
Bh6 Rad8 16. Bxg7 Kxg7 17. Nd2 Nd4 18. Kh1 Nh5 19. Nb3 Nxb3 20. cxb3 Nf4 21.
Qc2 Rd4 22. Nb5 Qe7 23. Nxd4 exd4 24. Qd2 Qh4 25. Qxd4+ Kg8 26. Qe3 Nh5 27.
Rae1 f5 28. e5 f4 29. Qf3 Qg5 30. Qg4 Qd8 31. Rd1 Qb6 32. e6 Qxb3 33. Rfe1 Qxb2
34. Qe2 Qf6 35. e7 Kf7 36. Qa2+ Kg7 37. Qe6 Qh4 38. Rd8 Qxf2 39. Rxe8 Ng3+ 40.
Kh2 Nf5 41. Rg8+ Kh6 42. e8=Q f3 43. Rxg6+ hxg6 44. Q6xg6# 1-0

[Event "4NCL Online Division 4"]
[Site "online"]
[Date "2020.11.17"]
[Round "7.151"]
[White "Smith, Peter J"]
[Black "Weatherlake, John P"]
[Result "1-0"]
[WhiteElo "1667"]
[BlackElo "1975"]
[PlyCount "40"]
[EventDate "2020.11.17"]
[WhiteTeam "Bishop Trojans"]
[BlackTeam "Wessex Some Stars C"]

1. h3 d5 2. a3 e5 3. d3 Be6 4. c3 c5 5. Qc2 Nc6 6. Nd2 Bd6 7. Ngf3 f6 8. g4
Nge7 9. e4 Ng6 10. exd5 Bxd5 11. Ne4 h5 12. Bg2 Bxe4 13. dxe4 c4 14. Be3 Qa5
15. Nd2 Nh4 16. Rg1 b5 17. Qd1 g6 18. Nxc4 bxc4 19. Qxd6 Qa4 20. Qxf6 hxg4 1-0

[Event "4NCL Online Division 4"]
[Site "online"]
[Date "2020.11.17"]
[Round "7.152"]
[White "Pentakota, Rajasekhar"]
[Black "Robinson, Brian"]
[Result "1-0"]
[WhiteElo "1997"]
[BlackElo "1557"]
[PlyCount "87"]
[EventDate "2020.11.17"]
[WhiteTeam "Wessex Some Stars C"]
[BlackTeam "Bishop Trojans"]

1. e4 e6 2. d4 d5 3. Nd2 Nf6 4. e5 Nfd7 5. Bd3 c5 6. c3 Nc6 7. Ne2 cxd4 8. cxd4
f6 9. exf6 Nxf6 10. Nf3 Bd6 11. O-O O-O 12. Re1 Qc7 13. Ng3 Bd7 14. Bd2 Rae8
15. Rc1 Qb8 16. a3 e5 17. dxe5 Nxe5 18. Nxe5 Bxe5 19. Bc3 Bxc3 20. Rxc3 Rxe1+
21. Qxe1 Re8 22. Qd1 Qe5 23. Bf1 Ne4 24. Nxe4 Qxe4 25. Re3 Qf5 26. Bd3 Qf7 27.
Rf3 Qe7 28. Re3 Qf7 29. Qe1 g6 30. h3 b6 31. Rxe8+ Qxe8 32. Qxe8+ Bxe8 33. f4
Kf7 34. Kf2 Ke6 35. Ke3 Bf7 36. Kd4 Kd6 37. g4 Be8 38. h4 Bf7 39. f5 gxf5 40.
Bxf5 Ke7 41. Bxh7 Kf6 42. Bc2 Be6 43. g5+ Kg7 44. h5 1-0

[Event "4NCL Online Division 4"]
[Site "online"]
[Date "2020.11.17"]
[Round "7.153"]
[White "Bainbridge, Bryan J"]
[Black "Krawczuk, Michael J"]
[Result "1/2-1/2"]
[WhiteElo "1547"]
[BlackElo "1967"]
[PlyCount "57"]
[EventDate "2020.11.17"]
[WhiteTeam "Bishop Trojans"]
[BlackTeam "Wessex Some Stars C"]

1. e4 c5 2. Nc3 Nc6 3. g3 g6 4. Bg2 Bg7 5. d3 d6 6. f4 Nf6 7. Nf3 O-O 8. O-O
Rb8 9. Rb1 b5 10. Bd2 a5 11. h3 b4 12. Ne2 Ba6 13. b3 Qc7 14. g4 Nd7 15. f5 e6
16. Nh4 Nd4 17. Nf3 Nxe2+ 18. Qxe2 exf5 19. exf5 Rfe8 20. Qd1 Bb7 21. Re1 d5
22. Rxe8+ Rxe8 23. Qf1 Ne5 24. Nxe5 Bxe5 25. Re1 Bd4+ 26. Kh1 Rxe1 27. Qxe1 Qe5
28. Qxe5 Bxe5 29. fxg6 1/2-1/2

[Event "4NCL Online Division 4"]
[Site "online"]
[Date "2020.11.17"]
[Round "7.154"]
[White "Adaway, William"]
[Black "Berry, Robert"]
[Result "1-0"]
[WhiteElo "1952"]
[BlackElo "1555"]
[PlyCount "135"]
[EventDate "2020.11.17"]
[WhiteTeam "Wessex Some Stars C"]
[BlackTeam "Bishop Trojans"]

1. c4 e5 2. Nc3 Nf6 3. Nf3 Nc6 4. d3 h6 5. e3 d6 6. Be2 Be7 7. O-O a6 8. a3 O-O
9. b4 Qe8 10. Bb2 Nh7 11. Nd5 Bd8 12. Rc1 Ne7 13. Nxe7+ Bxe7 14. e4 f5 15. c5
f4 16. cxd6 cxd6 17. d4 Qg6 18. Kh1 Ng5 19. dxe5 Nxe4 20. exd6 Qxd6 21. Bd3 Bf5
22. Bxe4 Bxe4 23. Qxd6 Bxd6 24. Ne5 Rae8 25. Nc4 Bb8 26. Rfe1 Bd5 27. Rxe8 Rxe8
28. h4 Bxc4 29. Rxc4 Re1+ 30. Kh2 f3+ 31. g3 Be5 32. Bxe5 Rxe5 33. Rf4 a5 34.
bxa5 Rxa5 35. Rxf3 b5 36. Kg2 Ra4 37. Rb3 Ra5 38. Kf3 Kf7 39. Ke4 Ke6 40. f4
Ra4+ 41. Kd3 Ra5 42. Kc3 Kd5 43. Kb4 Ra8 44. Kxb5 Rb8+ 45. Ka4 Ra8+ 46. Kb4
Rb8+ 47. Kc3 Rc8+ 48. Kb2 Re8 49. a4 Kc4 50. Ka3 Re1 51. Ka2 Re2+ 52. Rb2 Rxb2+
53. Kxb2 Kb4 54. g4 Kxa4 55. Kc3 Kb5 56. Kd4 Kc6 57. Ke5 Kd7 58. Kf5 Ke7 59.
Kg6 Kf8 60. g5 hxg5 61. hxg5 Kg8 62. f5 Kh8 63. Kf7 Kh7 64. g6+ Kh8 65. f6 gxf6
66. g7+ Kh7 67. g8=Q+ Kh6 68. Qg6# 1-0

[Event "4NCL Online Division 4"]
[Site "online"]
[Date "2020.11.17"]
[Round "7.161"]
[White "Chen, Daniel Xingyu"]
[Black "Marshall, John R"]
[Result "0-1"]
[WhiteElo "1825"]
[BlackElo "1660"]
[PlyCount "104"]
[EventDate "2020.11.17"]
[WhiteTeam "Warwickshire Bears B"]
[BlackTeam "Temple Sutton"]

1. e4 c5 2. Nc3 Nc6 3. Bb5 Nd4 4. Nf3 Nxb5 5. Nxb5 a6 6. Nc3 g6 7. d4 Bg7 8.
O-O cxd4 9. Nxd4 d6 10. Be3 Nf6 11. Rb1 O-O 12. h3 b5 13. a3 Bb7 14. f3 Rc8 15.
Qd2 Re8 16. Kh1 Nh5 17. Rg1 Rc4 18. Nce2 d5 19. b3 Rc8 20. g4 dxe4 21. gxh5
exf3 22. Kh2 fxe2 23. hxg6 hxg6 24. c3 Be5+ 25. Bf4 Bxf4+ 26. Qxf4 Qc7 27. Ne6
Qxf4+ 28. Nxf4 Kg7 29. Nxe2 Red8 30. Rbd1 e5 31. Kg3 f5 32. Kf2 Kf6 33. h4 Bd5
34. b4 Bc4 35. Rxd8 Rxd8 36. Ke1 Rh8 37. Rh1 f4 38. Ng1 e4 39. Rh2 Rd8 40. Nh3
Kf5 41. Ng5 Rd3 42. Rc2 Bb3 43. Rc1 f3 44. Kf2 Rd2+ 45. Ke3 Re2+ 46. Kd4 f2 47.
Rf1 e3 48. Nf3 Kf4 49. Ng1 Re1 50. Nh3+ Kf3 51. Ng1+ Kg2 52. Rxe1 fxe1=Q 0-1

[Event "4NCL Online Division 4"]
[Site "online"]
[Date "2020.11.17"]
[Round "7.162"]
[White "Pool, Melvin R"]
[Black "Dicen, Elis Denele"]
[Result "0-1"]
[WhiteElo "1645"]
[BlackElo "1810"]
[PlyCount "116"]
[EventDate "2020.11.17"]
[WhiteTeam "Temple Sutton"]
[BlackTeam "Warwickshire Bears B"]

1. e4 e6 2. d4 d5 3. exd5 exd5 4. Bd3 Nf6 5. Nf3 Bd6 6. O-O O-O 7. c3 Bg4 8.
Be3 c6 9. Nbd2 Qc7 10. Qc2 Nbd7 11. Rfe1 Rfe8 12. h3 Bh5 13. c4 dxc4 14. Bxc4
Bxf3 15. Nxf3 Bf4 16. Qb3 Nb6 17. Bxf7+ Qxf7 18. Qxf7+ Kxf7 19. Bxf4 Nbd5 20.
Bg3 Rxe1+ 21. Rxe1 Re8 22. Rxe8 Kxe8 23. Be5 Ke7 24. Nd2 b6 25. g4 g6 26. a3
Nd7 27. f4 c5 28. dxc5 Nxc5 29. Nc4 Nd3 30. f5 b5 31. fxg6 hxg6 32. Bd4 bxc4
33. Bxa7 Nxb2 34. Bd4 c3 35. h4 Kf7 36. Kg2 Nc4 37. Bxc3 Nxc3 38. Kf3 Kf6 39.
Kf4 Nd5+ 40. Ke4 Nc7 41. a4 Nd2+ 42. Kf4 Nd5+ 43. Kg3 Nc4 44. g5+ Kf5 45. h5
gxh5 46. Kh4 Kg6 47. Kh3 Kxg5 48. Kg3 Ndb6 49. Kh2 Nxa4 50. Kh1 Nc3 51. Kg2 Kg4
52. Kh1 Ne3 53. Kh2 Ne4 54. Kh1 Kg3 55. Kg1 h4 56. Kh1 h3 57. Kg1 h2+ 58. Kh1
Nf2# 0-1

[Event "4NCL Online Division 4"]
[Site "online"]
[Date "2020.11.17"]
[Round "7.163"]
[White "Wong, Tristan"]
[Black "Perks, Gary M"]
[Result "0-1"]
[WhiteElo "1630"]
[BlackElo "1547"]
[PlyCount "122"]
[EventDate "2020.11.17"]
[WhiteTeam "Warwickshire Bears B"]
[BlackTeam "Temple Sutton"]

1. d4 d5 2. Nc3 Bf5 3. Bf4 a6 4. e3 Nf6 5. f3 e6 6. g4 Bg6 7. h4 h6 8. Bd3 Bh7
9. g5 Nh5 10. Qe2 Nxf4 11. exf4 c6 12. f5 Qd6 13. g6 fxg6 14. fxg6 Bg8 15.
O-O-O Nd7 16. Kb1 Be7 17. h5 Bf6 18. Nh3 Bxd4 19. f4 Qb4 20. Qd2 Bxc3 21. Qxc3
Qxc3 22. bxc3 O-O-O 23. f5 e5 24. Rhe1 e4 25. Bf1 Nf6 26. Nf4 Ne8 27. Bh3 Kb8
28. Rxe4 dxe4 29. Rxd8+ Kc7 30. Rxe8 Bxa2+ 31. Kxa2 Rxe8 32. f6 gxf6 33. g7 e3
34. Be6 Kd6 35. g8=Q Rxg8 36. Bxg8 Ke5 37. Ne2 Ke4 38. Bc4 Kf3 39. Bd3 Kg4 40.
Kb3 f5 41. Nd4 f4 42. Be2+ Kg3 43. Kc4 a5 44. Kc5 Kf2 45. Kb6 a4 46. Kxb7 a3
47. Bc4 c5 48. Nf5 a2 49. Bxa2 e2 50. Nxh6 e1=Q 51. Nf7 Qe7+ 52. Kc6 f3 53. h6
Qe4+ 54. Bd5 Qg6+ 55. Kxc5 Ke3 56. Bxf3 Qxf7 57. Bd5 Qh7 58. Kb5 Qxh6 59. c4
Kd4 60. Bc6 Qg5+ 61. Kb4 Qc5+ 0-1

[Event "4NCL Online Division 4"]
[Site "online"]
[Date "2020.11.17"]
[Round "7.164"]
[White "Clancy, Mark"]
[Black "Vaidyanathan, Adithya"]
[Result "1-0"]
[WhiteElo "1450"]
[BlackElo "1472"]
[PlyCount "189"]
[EventDate "2020.11.17"]
[WhiteTeam "Temple Sutton"]
[BlackTeam "Warwickshire Bears B"]

1. e4 c5 2. Nf3 Nc6 3. d4 cxd4 4. Nxd4 Nxd4 5. Qxd4 d6 6. Nc3 e5 7. Qd1 Nf6 8.
Bc4 Bg4 9. f3 Bd7 10. Be3 Be7 11. Qd2 Rc8 12. Bb3 a6 13. O-O-O b5 14. Kb1 a5
15. a3 a4 16. Ba2 Rb8 17. Nd5 Nxd5 18. Qxd5 Be6 19. Qc6+ Bd7 20. Qd5 O-O 21. g4
b4 22. axb4 Rxb4 23. Bd2 Rb5 24. Qd3 Qb6 25. Bc3 a3 26. b3 Rc8 27. Ba1 Be6 28.
h4 d5 29. exd5 Bxd5 30. Qe2 Rxb3+ 31. Bxb3 Bxb3 32. cxb3 Qxb3+ 33. Bb2 a2+ 34.
Ka1 Rc2 35. Qxc2 Qxc2 36. Rc1 Qg2 37. Rhd1 f6 38. Rc8+ Kf7 39. Rd7 Ke6 40. Rcc7
Bd6 41. Rb7 Qxf3 42. Rxg7 Qd1+ 43. Kxa2 Qa4+ 44. Kb1 Qe4+ 45. Ka2 Bf8 46. Rxh7
Bh6 47. Rhe7+ Kd5 48. Rbd7+ Kc5 49. Rc7+ Kb4 50. Rb7+ Kc4 51. Rec7+ Kd3 52.
Rb3+ Ke2 53. Rcc3 Qa8+ 54. Ba3 Qe4 55. Rb2+ Kd1 56. Rg3 Qc4+ 57. Ka1 Qc1+ 58.
Rb1 Qxb1+ 59. Kxb1 Ke2 60. g5 fxg5 61. hxg5 Bg7 62. g6 Kf2 63. Rg4 Kf3 64. Rg1
e4 65. Bb2 Bf8 66. g7 Bxg7 67. Rxg7 e3 68. Re7 e2 69. Bc3 Kf2 70. Kc2 e1=Q 71.
Bxe1+ Kf3 72. Bc3 Kf4 73. Kd3 Kf5 74. Bh8 Kf4 75. Re6 Kf5 76. Re7 Kf4 77. Kd4
Kf5 78. Re8 Kg6 79. Rf8 Kh7 80. Ke4 Kg6 81. Bd4 Kg5 82. Rf1 Kg6 83. Ke5 Kg7 84.
Ke6+ Kg8 85. Ke7 Kh7 86. Rg1 Kh6 87. Kf7 Kh5 88. Kf6 Kh4 89. Kf5 Kh3 90. Rg8
Kh2 91. Kf4 Kh3 92. Bc5 Kh2 93. Kf3 Kh1 94. Kf2 Kh2 95. Rh8# 1-0

[Event "4NCL Online Div 4 Playoff"]
[Site "online"]
[Date "2020.12.01"]
[Round "8.11"]
[White "Borman, Philip"]
[Black "Shepherd, Tom"]
[Result "1-0"]
[WhiteElo "2190"]
[BlackElo "2027"]
[PlyCount "63"]
[EventDate "2020.12.01"]
[WhiteTeam "Hertford 1"]
[BlackTeam "MCS Oxford A"]

1. d4 d5 2. Bf4 Nf6 3. e3 c5 4. c3 e6 5. Nd2 Nc6 6. Ngf3 cxd4 7. exd4 Nh5 8.
Be3 Bd6 9. Ne5 Nf6 10. f4 Qc7 11. Bd3 O-O 12. O-O a6 13. Qf3 Ne7 14. Qh3 g6 15.
Ndf3 h5 16. Bf2 Nf5 17. Bh4 Ne4 18. Bxe4 dxe4 19. Nd2 e3 20. Ne4 Nxh4 21. Qxh4
Be7 22. Qg3 Kg7 23. Rae1 e2 24. Rxe2 b5 25. Ng5 Bf6 26. Ngxf7 Bxe5 27. Nxe5 Rf6
28. Rfe1 Bb7 29. Qg5 b4 30. Re3 bxc3 31. bxc3 Raf8 32. Rg3 1-0

[Event "4NCL Online Div 4 Playoff"]
[Site "online"]
[Date "2020.12.01"]
[Round "8.12"]
[White "Selvaraj, Hari"]
[Black "Cheal, Barry A"]
[Result "1/2-1/2"]
[WhiteElo "1930"]
[BlackElo "2193"]
[PlyCount "98"]
[EventDate "2020.12.01"]
[WhiteTeam "MCS Oxford A"]
[BlackTeam "Hertford 1"]

1. d4 b6 2. c4 Bb7 3. Nc3 e6 4. e4 Bb4 5. Bd3 Nf6 6. Qc2 c5 7. d5 e5 8. Nge2 d6
9. O-O Bxc3 10. Nxc3 a6 11. Bg5 h6 12. Bh4 g5 13. Bg3 Nbd7 14. Qe2 Qe7 15. a4
a5 16. Nd1 Nf8 17. Ne3 Bc8 18. Bc2 Ng6 19. h3 h5 20. Nf5 Bxf5 21. exf5 Nf4 22.
Qe3 Kd7 23. Bxf4 gxf4 24. Qb3 Kc7 25. Rfe1 Rhg8 26. Qf3 Qd7 27. Kh1 Rg5 28. Ra3
h4 29. Rg1 Rag8 30. Rc3 Kb7 31. b3 R8g7 32. Bd3 Qd8 33. Rc2 Qg8 34. Rd2 Qh8 35.
Qe2 Nh5 36. Be4 Rg8 37. Qd3 Qg7 38. Kh2 Nf6 39. Qe2 Qh7 40. f3 Qg7 41. Rd3 Rg3
42. Qf1 Qg5 43. Kh1 Ne8 44. Rd2 Ng7 45. Qb1 f6 46. Kh2 Nh5 47. Qf1 Qg7 48. Qb1
Qd7 49. Re2 R3g7 1/2-1/2

[Event "4NCL Online Div 4 Playoff"]
[Site "online"]
[Date "2020.12.01"]
[Round "8.13"]
[White "Morris, Simon P"]
[Black "Zhu, Hou Ning"]
[Result "0-1"]
[WhiteElo "1915"]
[BlackElo "1802"]
[PlyCount "102"]
[EventDate "2020.12.01"]
[WhiteTeam "Hertford 1"]
[BlackTeam "MCS Oxford A"]

1. e4 c5 2. d4 cxd4 3. c3 d3 4. Bxd3 g6 5. Nf3 Bg7 6. O-O d6 7. Nd4 Nc6 8. Be3
Nf6 9. h3 O-O 10. Qd2 d5 11. Nxc6 bxc6 12. e5 Nd7 13. f4 e6 14. Na3 a6 15. b4
Bb7 16. Nc2 Qc7 17. Qf2 Rfc8 18. Rac1 c5 19. Kh1 c4 20. Be2 a5 21. a3 Bf8 22.
Nd4 Bc6 23. Bg4 axb4 24. axb4 Ra3 25. Qg3 Rca8 26. f5 exf5 27. Bxf5 Qxe5 28.
Bf4 Qf6 29. Bg5 Qxd4 30. Bxd7 Bxd7 31. Bf6 Qb6 32. Be5 Be6 33. Qf4 Bg7 34. h4
Bxe5 35. Qxe5 Qd8 36. Qd4 Ra2 37. Qf4 Qb8 38. Qg5 R8a7 39. h5 Ra8 40. h6 Qd8
41. Qg3 d4 42. Rce1 dxc3 43. Qf4 R8a7 44. Rf3 Ra1 45. Rxa1 Rxa1+ 46. Kh2 Ra8
47. Kh1 c2 48. Rf1 Qe7 49. Qd4 Qf8 50. Qf4 Rd8 51. Kg1 Rd1 0-1